000 00280nam a22001337a 4500
003 SGT
082 _a635
_bWIL
100 _aWILLIAMS R O
245 _aTHE USEFUL AND ORNAMENTAL PLANTS
260 _aU K
_bZANZIBAR PUB
_c1949
300 _a325
650 _aAG
942 _2ddc
_cRARE
999 _c33734
_d33734